[Event "TeamRussiawomen"]
[Site "?"]
[Date "2016.10.05"]
[Round "1.10"]
[White "Ambartsumova, Karina"]
[Black "Tomilova, Elena"]
[Result "1-0"]
[LiveChessVersion "1.4.4"]
[BlackElo "2241"]
[WhiteElo "2376"]

1. e4 {[%clk 0:15:11]} e6 {[%clk 0:15:19]} 2. d4 {[%clk 0:15:16]} d5
{[%clk 0:15:28]} 3. Nc3 {[%clk 0:15:20]} Bb4 {[%clk 0:15:34]} 4. e5
{[%clk 0:15:00]} Ne7 {[%clk 0:15:36]} 5. a3 {[%clk 0:14:52]} Bxc3+
{[%clk 0:15:39]} 6. bxc3 {[%clk 0:15:01]} b6 {[%clk 0:14:59]} 7. Qg4
{[%clk 0:14:18]} Ng6 {[%clk 0:15:00]} 8. h4 {[%clk 0:14:07]} h5 {[%clk 0:15:03]}
9. Qd1 {[%clk 0:12:02]} Ba6 {[%clk 0:13:59]} 10. Bxa6 {[%clk 0:12:04]} Nxa6
{[%clk 0:14:07]} 11. Bg5 {[%clk 0:12:07]} Qd7 {[%clk 0:13:38]} 12. Ne2
{[%clk 0:12:05]} Ne7 {[%clk 0:09:23]} 13. Nf4 {[%clk 0:10:41]} g6
{[%clk 0:09:11]} 14. Qd3 {[%clk 0:09:39]} Nb8 {[%clk 0:08:23]} 15. Bf6
{[%clk 0:07:43]} Rg8 {[%clk 0:08:12]} 16. Bxe7 {[%clk 0:07:37]} Qxe7
{[%clk 0:07:28]} 17. c4 {[%clk 0:07:28]} c6 {[%clk 0:07:10]} 18. cxd5
{[%clk 0:05:16]} cxd5 {[%clk 0:06:34]} 19. c4 {[%clk 0:04:43]} dxc4
{[%clk 0:06:05]} 20. Qe4 {[%clk 0:04:35]} Kf8 {[%clk 0:03:29]} 21. Qxa8
{[%clk 0:04:35]} Kg7 {[%clk 0:03:39]} 22. Qe4 {[%clk 0:04:21]} Nd7
{[%clk 0:03:37]} 23. O-O {[%clk 0:04:21]} Rc8 {[%clk 0:03:28]} 24. g3
{[%clk 0:04:04]} b5 {[%clk 0:03:25]} 25. Qb7 {[%clk 0:03:47]} Rb8
{[%clk 0:03:32]} 26. Qxa7 {[%clk 0:03:55]} Qd8 {[%clk 0:03:36]} 27. d5
{[%clk 0:03:44]} Ra8 {[%clk 0:03:35]} 28. Qd4 {[%clk 0:03:25]} Nb6
{[%clk 0:03:29]} 29. Rfd1 {[%clk 0:03:02]} exd5 {[%clk 0:02:56]} 30. Nxd5
{[%clk 0:02:58]} Nxd5 {[%clk 0:02:43]} 31. Qxd5 {[%clk 0:03:06]} Qa5
{[%clk 0:02:50]} 32. e6 {[%clk 0:03:04]} fxe6 {[%clk 0:02:50]} 33. Qxe6
{[%clk 0:03:09]} Qc3 {[%clk 0:02:53]} 34. Qe7+ {[%clk 0:03:14]} 1-0

[Event "TeamRussiawomen"]
[Site "?"]
[Date "2016.10.05"]
[Round "1.11"]
[White "Drozdova, Dina"]
[Black "Nebolsina, Vera"]
[Result "1/2-1/2"]
[LiveChessVersion "1.4.4"]
[BlackElo "2234"]
[WhiteElo "2244"]

1. d4 {[%clk 0:15:17]} f5 {[%clk 0:15:18]} 2. Nf3 {[%clk 0:15:14]} Nf6
{[%clk 0:15:26]} 3. Bf4 {[%clk 0:15:18]} g6 {[%clk 0:14:58]} 4. e3
{[%clk 0:15:10]} Bg7 {[%clk 0:14:55]} 5. h3 {[%clk 0:15:10]} d6 {[%clk 0:14:58]}
6. c3 {[%clk 0:15:08]} c6 {[%clk 0:14:35]} 7. Qb3 {[%clk 0:14:58]} Qb6
{[%clk 0:13:32]} 8. Bc4 {[%clk 0:14:00]} Qxb3 {[%clk 0:12:27]} 9. axb3
{[%clk 0:13:43]} b5 {[%clk 0:10:49]} 10. Bd3 {[%clk 0:13:47]} h6 {[%clk 0:10:50]}
11. b4 {[%clk 0:11:55]} Nbd7 {[%clk 0:09:04]} 12. Bh2 {[%clk 0:11:56]} Kf7
{[%clk 0:08:38]} 13. Nbd2 {[%clk 0:11:49]} Nb6 {[%clk 0:07:07]} 14. Bc2
{[%clk 0:11:34]} Be6 {[%clk 0:06:59]} 15. O-O {[%clk 0:11:17]} Bd5
{[%clk 0:05:32]} 16. Ra6 {[%clk 0:10:25]} Nc8 {[%clk 0:05:29]} 17. Rfa1
{[%clk 0:10:26]} Rb8 {[%clk 0:05:37]} 18. Bb3 {[%clk 0:10:24]} Rb6
{[%clk 0:05:02]} 19. Rxb6 {[%clk 0:10:05]} axb6 {[%clk 0:05:11]} 20. Bxd5+
{[%clk 0:09:43]} Nxd5 {[%clk 0:05:19]} 21. e4 {[%clk 0:08:56]} fxe4
{[%clk 0:05:19]} 22. Nxe4 {[%clk 0:09:05]} Nc7 {[%clk 0:05:25]} 23. Bg3
{[%clk 0:08:51]} g5 {[%clk 0:05:22]} 24. Nh2 {[%clk 0:07:59]} Kg6
{[%clk 0:05:24]} 25. Nf1 {[%clk 0:06:27]} Kf5 {[%clk 0:04:58]} 26. Ned2
{[%clk 0:06:32]} e5 {[%clk 0:04:36]} 27. Ne3+ {[%clk 0:06:35]} Ke6
{[%clk 0:04:45]} 28. dxe5 {[%clk 0:06:44]} Bxe5 {[%clk 0:04:54]} 29. Bxe5
{[%clk 0:06:31]} Kxe5 {[%clk 0:04:38]} 30. Re1 {[%clk 0:06:33]} Kf6
{[%clk 0:04:44]} 31. Nf3 {[%clk 0:06:10]} Ne6 {[%clk 0:04:41]} 32. h4
{[%clk 0:04:55]} gxh4 {[%clk 0:04:01]} 33. Nxh4 {[%clk 0:05:04]} h5
{[%clk 0:04:05]} 34. g3 {[%clk 0:05:03]} Rh7 {[%clk 0:04:12]} 35. Kg2
{[%clk 0:04:34]} Ra7 {[%clk 0:04:21]} 36. Rd1 {[%clk 0:04:21]} d5
{[%clk 0:04:20]} 37. Nhf5 {[%clk 0:03:59]} Ra2 {[%clk 0:04:19]} 38. Rd2
{[%clk 0:04:07]} Ng5 {[%clk 0:04:26]} 39. Nd4 {[%clk 0:03:56]} Ne4
{[%clk 0:04:05]} 40. Re2 {[%clk 0:03:47]} Ne7 {[%clk 0:04:12]} 41. f3
{[%clk 0:03:42]} Nd6 {[%clk 0:04:13]} 42. Kf2 {[%clk 0:03:49]} c5
{[%clk 0:03:59]} 43. Nb3 {[%clk 0:03:46]} cxb4 {[%clk 0:03:33]} 44. cxb4
{[%clk 0:03:55]} Ra4 {[%clk 0:03:42]} 45. Nc2 {[%clk 0:04:05]} Nc6
{[%clk 0:03:46]} 46. Nbd4 {[%clk 0:03:32]} Nd8 {[%clk 0:03:33]} 47. b3
{[%clk 0:03:32]} Ra7 {[%clk 0:03:28]} 48. Ne3 {[%clk 0:03:36]} N8f7
{[%clk 0:02:10]} 49. Nxd5+ {[%clk 0:03:42]} Kg7 {[%clk 0:02:12]} 50. Nxb6
{[%clk 0:03:35]} Ra1 {[%clk 0:02:18]} 51. Nd5 {[%clk 0:03:17]} Rd1
{[%clk 0:02:21]} 52. Ne6+ {[%clk 0:03:25]} Kh6 {[%clk 0:02:26]} 53. Nef4
{[%clk 0:03:27]} Ng5 {[%clk 0:02:17]} 54. Ne7 {[%clk 0:02:47]} Rb1
{[%clk 0:02:10]} 55. Ne6 {[%clk 0:02:21]} Rxb3 {[%clk 0:01:53]} 56. Nxg5
{[%clk 0:02:25]} Kxg5 {[%clk 0:02:02]} 57. Nd5 {[%clk 0:02:01]} Nc4
{[%clk 0:01:52]} 58. Kg2 {[%clk 0:01:36]} Kf5 {[%clk 0:01:40]} 59. Ne7+
{[%clk 0:01:14]} Kf6 {[%clk 0:01:42]} 60. Nc6 {[%clk 0:01:11]} Ne3+
{[%clk 0:01:36]} 61. Kh3 {[%clk 0:01:05]} Nf5 {[%clk 0:01:40]} 62. Kg2
{[%clk 0:00:59]} Rc3 {[%clk 0:01:41]} 63. Ne5 {[%clk 0:00:38]} Nd4
{[%clk 0:01:30]} 64. Re4 {[%clk 0:00:35]} Nf5 {[%clk 0:01:09]} 65. Nd7+
{[%clk 0:00:28]} Kg7 {[%clk 0:01:11]} 66. g4 {[%clk 0:00:27]} Nh4+
{[%clk 0:01:11]} 67. Kg3 {[%clk 0:00:18]} Nxf3 {[%clk 0:01:18]} 68. Kf4
{[%clk 0:00:24]} hxg4 {[%clk 0:01:21]} 69. Kxg4 {[%clk 0:00:33]} Nd2
{[%clk 0:01:01]} 70. Rf4 {[%clk 0:00:28]} Rc4 {[%clk 0:01:06]} 71. Ne5
{[%clk 0:00:37]} Re4 {[%clk 0:00:52]} 72. Rxe4 {[%clk 0:00:41]} Nxe4
{[%clk 0:01:00]} 1/2-1/2

[Event "TeamRussiawomen"]
[Site "?"]
[Date "2016.10.05"]
[Round "1.12"]
[White "Markelova, Lubov"]
[Black "Sazonova, Anastasia"]
[Result "1/2-1/2"]
[LiveChessVersion "1.4.4"]
[BlackElo "2115"]
[WhiteElo "2107"]

1. Nf3 {[%clk 0:15:19]} d5 {[%clk 0:15:08]} 2. d4 {[%clk 0:15:27]} c6
{[%clk 0:15:13]} 3. c4 {[%clk 0:15:35]} Nf6 {[%clk 0:15:18]} 4. e3
{[%clk 0:15:42]} Bf5 {[%clk 0:15:11]} 5. cxd5 {[%clk 0:15:46]} cxd5
{[%clk 0:15:17]} 6. Nc3 {[%clk 0:15:54]} Nc6 {[%clk 0:15:04]} 7. Ne5
{[%clk 0:15:56]} a6 {[%clk 0:11:39]} 8. Be2 {[%clk 0:12:27]} e6 {[%clk 0:10:58]}
9. g4 {[%clk 0:12:02]} Bg6 {[%clk 0:09:21]} 10. h4 {[%clk 0:12:02]} h6
{[%clk 0:05:44]} 11. Nxg6 {[%clk 0:11:57]} fxg6 {[%clk 0:05:53]} 12. Bd3
{[%clk 0:11:44]} Ne7 {[%clk 0:05:29]} 13. Bd2 {[%clk 0:10:11]} Rc8
{[%clk 0:04:38]} 14. Na4 {[%clk 0:09:12]} Ne4 {[%clk 0:03:51]} 15. Bxe4
{[%clk 0:08:20]} dxe4 {[%clk 0:03:59]} 16. Nc3 {[%clk 0:08:01]} Nd5
{[%clk 0:03:11]} 17. Nxe4 {[%clk 0:07:16]} Be7 {[%clk 0:02:18]} 18. Qa4+
{[%clk 0:06:14]} Qd7 {[%clk 0:01:37]} 19. Qxd7+ {[%clk 0:06:22]} Kxd7
{[%clk 0:01:46]} 20. Nc3 {[%clk 0:04:42]} Nb4 {[%clk 0:00:51]} 21. Ke2
{[%clk 0:04:43]} Rhf8 {[%clk 0:00:35]} 22. a3 {[%clk 0:04:45]} Nd5
{[%clk 0:00:38]} 23. Rac1 {[%clk 0:02:59]} Rf7 {[%clk 0:00:27]} 24. Nxd5
{[%clk 0:02:35]} exd5 {[%clk 0:00:36]} 25. Rxc8 {[%clk 0:02:33]} Kxc8
{[%clk 0:00:45]} 26. h5 {[%clk 0:02:10]} Kd7 {[%clk 0:00:21]} 27. hxg6
{[%clk 0:01:51]} Rf6 {[%clk 0:00:30]} 28. Rh5 {[%clk 0:01:29]} Kc6
{[%clk 0:00:39]} 29. Rf5 {[%clk 0:00:22]} Rxg6 {[%clk 0:00:43]} 30. Rf7
{[%clk 0:00:25]} Bd6 {[%clk 0:00:47]} 31. f3 {[%clk 0:00:31]} Kb6
{[%clk 0:00:18]} 32. Kd3 {[%clk 0:00:31]} Kc6 {[%clk 0:00:22]} 33. Rf5
{[%clk 0:00:36]} Bc7 {[%clk 0:00:16]} 34. Bb4 {[%clk 0:00:41]} Bb8
{[%clk 0:00:16]} 35. Rf8 {[%clk 0:00:44]} Bc7 {[%clk 0:00:23]} 36. Rf7
{[%clk 0:00:52]} Rf6 {[%clk 0:00:13]} 37. Rxf6+ {[%clk 0:00:38]} gxf6
{[%clk 0:00:20]} 38. Bf8 {[%clk 0:00:47]} Kd7 {[%clk 0:00:18]} 39. Bxh6
{[%clk 0:00:55]} Ke6 {[%clk 0:00:27]} 40. Bf4 {[%clk 0:00:37]} Ba5
{[%clk 0:00:24]} 41. e4 {[%clk 0:00:42]} Bb6 {[%clk 0:00:14]} 42. e5
{[%clk 0:00:20]} f5 {[%clk 0:00:16]} 43. gxf5+ {[%clk 0:00:14]} Kxf5
{[%clk 0:00:25]} 44. Bd2 {[%clk 0:00:21]} Bd8 {[%clk 0:00:16]} 45. Be3
{[%clk 0:00:25]} Ba5 {[%clk 0:00:19]} 46. Kc2 {[%clk 0:00:16]} Bb6
{[%clk 0:00:16]} 47. Kb3 {[%clk 0:00:19]} Ba5 {[%clk 0:00:14]} 48. Kc2
{[%clk 0:00:25]} Bb6 {[%clk 0:00:21]} 49. b4 {[%clk 0:00:16]} Bd8
{[%clk 0:00:24]} 50. a4 {[%clk 0:00:14]} b5 {[%clk 0:00:31]} 51. axb5
{[%clk 0:00:17]} axb5 {[%clk 0:00:40]} 52. Kc3 {[%clk 0:00:18]} Bh4
{[%clk 0:00:37]} 53. Bh6 {[%clk 0:00:16]} Be1+ {[%clk 0:00:33]} 54. Bd2
{[%clk 0:00:13]} Bh4 {[%clk 0:00:30]} 55. Kd3 {[%clk 0:00:22]} Bf2
{[%clk 0:00:30]} 56. Bh6 {[%clk 0:00:30]} Be1 {[%clk 0:00:29]} 57. Bf8
{[%clk 0:00:39]} Bf2 {[%clk 0:00:26]} 58. Bc5 {[%clk 0:00:46]} Bh4
{[%clk 0:00:29]} 59. Ke2 {[%clk 0:00:48]} Bg3 {[%clk 0:00:35]} 60. Kf1
{[%clk 0:00:50]} Bh4 {[%clk 0:00:38]} 61. Kg2 {[%clk 0:00:59]} Be1
{[%clk 0:00:17]} 62. Kh3 {[%clk 0:01:04]} Bf2 {[%clk 0:00:21]} 63. e6
{[%clk 0:00:16]} Kxe6 {[%clk 0:00:24]} 64. Kg4 {[%clk 0:00:26]} Be3
{[%clk 0:00:18]} 65. f4 {[%clk 0:00:19]} Kf6 {[%clk 0:00:16]} 66. f5
{[%clk 0:00:22]} Bd2 {[%clk 0:00:18]} 67. Bd6 {[%clk 0:00:16]} Bc3
{[%clk 0:00:23]} 68. Bc5 {[%clk 0:00:16]} Bd2 {[%clk 0:00:32]} 69. Bd6
{[%clk 0:00:14]} Bc3 {[%clk 0:00:41]} 70. Bc5 {[%clk 0:00:14]} Bd2
{[%clk 0:00:50]} 71. Bd6 {[%clk 0:00:16]} Bc3 {[%clk 0:00:59]} 72. Bc5
{[%clk 0:00:13]} Bd2 {[%clk 0:00:57]} 73. Bd6 {[%clk 0:00:14]} Bc3
{[%clk 0:01:06]} 1/2-1/2

[Event "TeamRussiawomen"]
[Site "?"]
[Date "2016.10.05"]
[Round "2.1"]
[White "Pogonina, Natalija"]
[Black "Sukhareva, Evgeniya"]
[Result "1-0"]
[LiveChessVersion "1.4.4"]
[BlackElo "2307"]
[WhiteElo "2458"]

1. d4 {[%clk 0:15:18]} d5 {[%clk 0:15:19]} 2. c4 {[%clk 0:15:26]} e6
{[%clk 0:15:28]} 3. Nf3 {[%clk 0:15:33]} Nf6 {[%clk 0:15:36]} 4. g3
{[%clk 0:15:41]} c6 {[%clk 0:15:41]} 5. Bg2 {[%clk 0:15:39]} Be7 {[%clk 0:15:49]}
6. O-O {[%clk 0:15:42]} O-O {[%clk 0:15:56]} 7. b3 {[%clk 0:15:28]} b6
{[%clk 0:16:02]} 8. Bb2 {[%clk 0:15:13]} Bb7 {[%clk 0:16:10]} 9. Nc3
{[%clk 0:15:07]} Na6 {[%clk 0:16:00]} 10. Qd3 {[%clk 0:13:44]} Rc8
{[%clk 0:15:37]} 11. cxd5 {[%clk 0:13:18]} cxd5 {[%clk 0:14:00]} 12. Rac1
{[%clk 0:13:25]} Nb4 {[%clk 0:12:18]} 13. Qb1 {[%clk 0:13:32]} Qd6
{[%clk 0:10:23]} 14. Rfd1 {[%clk 0:12:40]} Ba6 {[%clk 0:08:35]} 15. e3
{[%clk 0:12:20]} Qb8 {[%clk 0:08:32]} 16. Ne5 {[%clk 0:11:58]} Bb7
{[%clk 0:07:47]} 17. Bf1 {[%clk 0:11:46]} Nc6 {[%clk 0:05:49]} 18. Nf3
{[%clk 0:11:37]} Rfd8 {[%clk 0:05:34]} 19. a3 {[%clk 0:10:26]} Na5
{[%clk 0:05:00]} 20. Qa2 {[%clk 0:10:33]} Rc7 {[%clk 0:03:58]} 21. Nd2
{[%clk 0:09:30]} Rdc8 {[%clk 0:03:29]} 22. b4 {[%clk 0:09:05]} Nc6
{[%clk 0:03:16]} 23. Nf3 {[%clk 0:08:15]} Qa8 {[%clk 0:02:44]} 24. Qb3
{[%clk 0:07:56]} h6 {[%clk 0:02:36]} 25. h3 {[%clk 0:07:33]} Bf8 {[%clk 0:02:36]}
26. Nb5 {[%clk 0:07:24]} Rd7 {[%clk 0:02:42]} 27. Nc3 {[%clk 0:06:41]} Rdd8
{[%clk 0:02:16]} 28. Rc2 {[%clk 0:06:44]} Ne7 {[%clk 0:02:11]} 29. Rdc1
{[%clk 0:06:41]} Nf5 {[%clk 0:02:15]} 30. Ne5 {[%clk 0:06:17]} Nd6
{[%clk 0:02:11]} 31. a4 {[%clk 0:05:43]} a6 {[%clk 0:00:52]} 32. Ba3
{[%clk 0:05:35]} Nf5 {[%clk 0:00:40]} 33. b5 {[%clk 0:05:19]} Bxa3
{[%clk 0:00:43]} 34. Qxa3 {[%clk 0:05:25]} axb5 {[%clk 0:00:39]} 35. Nxb5
{[%clk 0:05:20]} Rxc2 {[%clk 0:00:47]} 36. Rxc2 {[%clk 0:05:29]} Rc8
{[%clk 0:00:52]} 37. Rxc8+ {[%clk 0:04:11]} Qxc8 {[%clk 0:00:53]} 38. g4
{[%clk 0:04:07]} Nh4 {[%clk 0:00:55]} 39. Qe7 {[%clk 0:03:38]} Bc6
{[%clk 0:00:50]} 40. Qxf7+ {[%clk 0:03:34]} Kh7 {[%clk 0:00:49]} 41. Nd6
{[%clk 0:03:21]} Qa8 {[%clk 0:00:38]} 42. Qxe6 {[%clk 0:03:13]} Bxa4
{[%clk 0:00:41]} 43. Nf5 {[%clk 0:02:57]} Nxf5 {[%clk 0:00:43]} 44. Qxf5+
{[%clk 0:03:06]} Kg8 {[%clk 0:00:50]} 45. Qe6+ {[%clk 0:03:10]} Kh7
{[%clk 0:00:49]} 46. h4 {[%clk 0:02:58]} Bc2 {[%clk 0:00:20]} 47. g5
{[%clk 0:02:50]} hxg5 {[%clk 0:00:28]} 48. hxg5 {[%clk 0:02:58]} Ne8
{[%clk 0:00:37]} 49. g6+ {[%clk 0:02:56]} 1-0

[Event "TeamRussiawomen"]
[Site "?"]
[Date "2016.10.05"]
[Round "2.2"]
[White "Tomilova, Elena"]
[Black "Mkrtchian, Lilit"]
[Result "0-1"]
[LiveChessVersion "1.4.4"]
[BlackElo "2425"]
[WhiteElo "2241"]

1. c4 {[%clk 0:15:19]} Nf6 {[%clk 0:14:59]} 2. g3 {[%clk 0:15:26]} c5
{[%clk 0:14:45]} 3. Bg2 {[%clk 0:15:29]} Nc6 {[%clk 0:14:53]} 4. Nc3
{[%clk 0:15:15]} d6 {[%clk 0:14:51]} 5. e3 {[%clk 0:14:54]} g6 {[%clk 0:14:49]}
6. Nge2 {[%clk 0:14:49]} Bg7 {[%clk 0:14:57]} 7. O-O {[%clk 0:14:37]} Bg4
{[%clk 0:14:48]} 8. h3 {[%clk 0:14:25]} Bd7 {[%clk 0:14:53]} 9. b3
{[%clk 0:13:53]} Qc8 {[%clk 0:14:50]} 10. Kh2 {[%clk 0:14:01]} h5
{[%clk 0:14:58]} 11. Bb2 {[%clk 0:12:34]} Bf5 {[%clk 0:11:40]} 12. d4
{[%clk 0:11:07]} cxd4 {[%clk 0:11:30]} 13. Nxd4 {[%clk 0:10:53]} Nxd4
{[%clk 0:10:17]} 14. exd4 {[%clk 0:11:02]} O-O {[%clk 0:10:05]} 15. Re1
{[%clk 0:09:33]} Re8 {[%clk 0:10:14]} 16. Qf3 {[%clk 0:08:10]} Rb8
{[%clk 0:10:14]} 17. Re2 {[%clk 0:07:27]} a6 {[%clk 0:05:53]} 18. Nd5
{[%clk 0:06:24]} Nxd5 {[%clk 0:04:33]} 19. Qxd5 {[%clk 0:06:33]} b5
{[%clk 4:05:04]} 20. c5 {[%clk 0:06:14]} dxc5 {[%clk 0:03:34]} 21. Qxc5
{[%clk 0:05:49]} Qd8 {[%clk 0:02:15]} 22. Rae1 {[%clk 0:05:41]} Rc8
{[%clk 0:01:24]} 23. Qa7 {[%clk 0:05:12]} Qd6 {[%clk 0:01:28]} 24. Rxe7
{[%clk 0:04:20]} Rxe7 {[%clk 0:01:12]} 25. Qxe7 {[%clk 0:04:24]} Qxe7
{[%clk 0:01:14]} 26. Rxe7 {[%clk 0:04:33]} Rc2 {[%clk 0:01:18]} 27. Ba3
{[%clk 0:03:45]} Bxd4 {[%clk 0:01:21]} 28. Bd5 {[%clk 0:03:38]} Rxf2+
{[%clk 0:01:24]} 29. Kh1 {[%clk 0:03:44]} Bxh3 {[%clk 0:01:25]} 30. Bd6
{[%clk 0:02:53]} Kg7 {[%clk 0:00:59]} 31. Bf4 {[%clk 0:02:56]} g5
{[%clk 0:00:52]} 32. Bxg5 {[%clk 0:02:53]} Rf5 {[%clk 0:00:54]} 33. Bb7
{[%clk 0:01:32]} Rxg5 {[%clk 0:01:02]} 34. Kh2 {[%clk 0:01:41]} Be6
{[%clk 0:01:08]} 35. Bxa6 {[%clk 0:01:49]} b4 {[%clk 0:01:08]} 36. Rb7
{[%clk 0:01:46]} Ra5 {[%clk 0:01:14]} 37. Bf1 {[%clk 0:01:42]} Rxa2+
{[%clk 0:01:22]} 38. Bg2 {[%clk 0:01:51]} Rxg2+ {[%clk 0:01:29]} 0-1

[Event "TeamRussiawomen"]
[Site "?"]
[Date "2016.10.05"]
[Round "2.3"]
[White "Nechaeva, Marina"]
[Black "Drozdova, Dina"]
[Result "1/2-1/2"]
[LiveChessVersion "1.4.4"]
[BlackElo "2244"]
[WhiteElo "2425"]

1. d4 {[%clk 0:15:19]} g6 {[%clk 0:15:19]} 2. c4 {[%clk 0:15:26]} Bg7
{[%clk 0:15:29]} 3. e4 {[%clk 0:15:34]} d6 {[%clk 0:15:36]} 4. Nc3
{[%clk 0:15:41]} c5 {[%clk 0:14:24]} 5. d5 {[%clk 0:15:49]} Nf6 {[%clk 0:14:26]}
6. Bd3 {[%clk 0:15:52]} O-O {[%clk 0:14:30]} 7. h3 {[%clk 0:15:57]} a6
{[%clk 0:14:39]} 8. Nf3 {[%clk 0:16:03]} b5 {[%clk 0:14:33]} 9. cxb5
{[%clk 0:13:48]} axb5 {[%clk 0:14:42]} 10. Nxb5 {[%clk 0:13:51]} Ba6
{[%clk 0:14:39]} 11. Nc3 {[%clk 0:13:52]} Qa5 {[%clk 0:13:56]} 12. O-O
{[%clk 0:13:58]} Nbd7 {[%clk 0:12:48]} 13. Re1 {[%clk 0:11:33]} Rfb8
{[%clk 0:11:26]} 14. Bxa6 {[%clk 0:11:28]} Qxa6 {[%clk 0:11:22]} 15. Qc2
{[%clk 0:11:28]} Nb6 {[%clk 0:09:42]} 16. b3 {[%clk 0:09:45]} c4 {[%clk 0:08:56]}
17. Bb2 {[%clk 0:08:42]} Nfd7 {[%clk 0:08:47]} 18. b4 {[%clk 0:07:12]} Na4
{[%clk 0:08:11]} 19. Nxa4 {[%clk 0:07:08]} Qxa4 {[%clk 0:08:20]} 20. Qxa4
{[%clk 0:07:16]} Rxa4 {[%clk 0:08:29]} 21. Bxg7 {[%clk 0:07:25]} Kxg7
{[%clk 0:08:38]} 22. a3 {[%clk 0:07:34]} Rba8 {[%clk 0:08:43]} 23. Rec1
{[%clk 0:07:21]} Nb6 {[%clk 0:06:57]} 24. Nd2 {[%clk 0:07:26]} Rxa3
{[%clk 0:07:06]} 25. Rxa3 {[%clk 0:07:35]} Rxa3 {[%clk 0:07:16]} 26. Nxc4
{[%clk 0:07:43]} Nxc4 {[%clk 0:07:24]} 27. Rxc4 {[%clk 0:07:52]} Kf6
{[%clk 0:06:57]} 28. Rc7 {[%clk 0:07:25]} Rb3 {[%clk 0:07:00]} 29. Rb7
{[%clk 0:07:33]} h5 {[%clk 0:07:07]} 30. h4 {[%clk 0:07:30]} e6 {[%clk 0:07:07]}
31. dxe6 {[%clk 0:07:35]} fxe6 {[%clk 0:06:01]} 32. Rb5 {[%clk 0:05:28]} d5
{[%clk 0:05:45]} 33. exd5 {[%clk 0:05:36]} exd5 {[%clk 0:05:55]} 34. Rxd5
{[%clk 0:05:43]} Rxb4 {[%clk 0:06:04]} 35. g3 {[%clk 0:05:51]} Rb3
{[%clk 0:06:11]} 36. Kg2 {[%clk 0:05:59]} Ra3 {[%clk 0:06:20]} 37. Kf1
{[%clk 0:06:05]} Ra2 {[%clk 0:06:28]} 38. Ke1 {[%clk 0:06:12]} Rb2
{[%clk 0:06:24]} 39. Rd2 {[%clk 0:06:20]} Rb3 {[%clk 0:06:30]} 40. Ke2
{[%clk 0:06:20]} Ra3 {[%clk 0:06:31]} 41. Rd3 {[%clk 0:06:26]} Ra2+
{[%clk 0:06:34]} 42. Ke3 {[%clk 0:06:33]} Rb2 {[%clk 0:06:35]} 43. Rd2
{[%clk 0:05:54]} Rb4 {[%clk 0:06:36]} 44. Rd4 {[%clk 0:06:02]} Rb2
{[%clk 0:06:44]} 45. f3 {[%clk 0:06:04]} Rb3+ {[%clk 0:06:36]} 46. Kf4
{[%clk 0:06:09]} Rb6 {[%clk 0:06:45]} 47. Ra4 {[%clk 0:04:14]} Rc6
{[%clk 0:06:49]} 48. Ra5 {[%clk 0:03:30]} Rb6 {[%clk 0:06:50]} 49. Ke4
{[%clk 0:03:33]} Rb4+ {[%clk 0:06:00]} 50. Ke3 {[%clk 0:03:41]} Rb3+
{[%clk 0:06:08]} 51. Kf2 {[%clk 0:03:50]} Rb2+ {[%clk 0:06:15]} 52. Kg1
{[%clk 0:03:55]} Rb3 {[%clk 0:06:12]} 53. Kg2 {[%clk 0:04:03]} Rb2+
{[%clk 0:06:21]} 54. Kh3 {[%clk 0:04:12]} Rb3 {[%clk 0:06:29]} 55. f4
{[%clk 0:04:19]} Rb2 {[%clk 0:06:32]} 56. Rg5 {[%clk 0:04:26]} Rf2
{[%clk 0:06:32]} 57. Re5 {[%clk 0:04:32]} Ra2 {[%clk 0:06:23]} 58. Rg5
{[%clk 0:04:37]} Rb2 {[%clk 0:06:32]} 59. f5 {[%clk 0:04:39]} gxf5
{[%clk 0:06:29]} 60. Rxh5 {[%clk 0:04:48]} Rf2 {[%clk 0:06:37]} 61. Rh6+
{[%clk 0:04:25]} Kg7 {[%clk 0:06:43]} 62. Rb6 {[%clk 0:04:31]} Rc2
{[%clk 0:06:42]} 63. h5 {[%clk 0:04:15]} Rc4 {[%clk 0:06:49]} 64. Rg6+
{[%clk 0:04:18]} Kf7 {[%clk 0:06:50]} 65. Kg2 {[%clk 0:04:18]} Ra4
{[%clk 0:06:42]} 66. Kf3 {[%clk 0:04:22]} Rb4 {[%clk 0:06:51]} 67. Rc6
{[%clk 0:04:27]} Kg7 {[%clk 0:06:48]} 68. h6+ {[%clk 0:04:31]} Kh7
{[%clk 0:06:52]} 69. Rf6 {[%clk 0:04:36]} Ra4 {[%clk 0:07:01]} 70. Rxf5
{[%clk 0:04:32]} 1/2-1/2